000 00247nam a2200097Ia 4500
001 788421
005 20250826170359.0
008 250824s9999 xx 000 0 und d
245 0 _aSOLGUN DEMET
_cHALİD ZİYA UŞAKLIGİL
260 _bÖZGÜR YAYINLARI
999 _c788421
_d788421